| 000 | 00550nam a2200193 a 4500 | ||
|---|---|---|---|
| 005 | 20240810063818.0 | ||
| 008 | 991125s1981 mx 000 0 spa u | ||
| 020 | _a9688042560 | ||
| 035 | _aUPN01000056019 | ||
| 049 | _aCG | ||
| 050 | 4 |
_aPQ7297 F7.5 _bT6.5 |
|
| 100 | 1 |
_aFrías, Heriberto, _d1870-1925 _928514 |
|
| 245 | 1 | 0 |
_aTomóchic / _cHeriberto Frías. |
| 260 |
_aMéxico : _bPROMEXA : _bSEP, _c1981. |
||
| 300 |
_a100 p. : _bil. |
||
| 440 | 0 | _aBiblioteca de clásicos mexicanos | |
| 650 | 4 |
_aNovela histórica mexicana _917265 |
|
| 905 | _aLibro | ||
| 999 |
_c56019 _d56019 |
||